Milas–Bodrum Airport Destinations (Bodrum, Turkey) - Statistics

General Stats
  • This quiz has been taken 64 times
    37 since last reset
  • The average score is 74 of 88
Answer Stats
Airline Destination % Correct
Corendon Dutch Airlines/TUI fly Netherlands Amsterdam
100%
AJet/Pegasus Airlines Ankara
100%
Air Astana/Turkish Airlines Astana
100%
Azerbaijan Airlines Baku
100%
Air Serbia Belgrade
100%
Air Serbia Belgrade
100%
Corendon Airlines/Freebird Airlines/TUI fly Belgium Brussels
100%
Fly Lili Bucharest (Baneasa)
100%
Animawings/TAROM Bucharest (Otopeni)
100%
Qatar Airways Doha
100%
flydubai Dubai (International)
100%
Corendon Airlines/SunExpress Düsseldorf
100%
Jet2.com Edinburgh
100%
Enter Air/LOT Polish Airlines/Smartwings Poland Gdańsk
100%
Jet2.com Glasgow
100%
Eurowings Hamburg
100%
Jazeera Airways/Kuwait Airways/Turkish Airlines Kuwait City
100%
easyJet/SunExpress/TUI Airways/Turkish Airlines London (Gatwick)
100%
British Airways London (Heathrow)
100%
easyJet London (Luton)
100%
Jet2.com/Ryanair London (Stansted)
100%
Luxair Luxembourg
100%
easyJet/Jet2.com/SunExpress/TUI Airways Manchester
100%
Aeroflot/Southwind Airlines Moscow (Sheremtyevo)
100%
Turkish Airlines Moscow (Vnukovo)
100%
Discover Airlines/Lufthansa/SunExpress/Turkish Airlines Munich
100%
Smartwings Prague
100%
Air Albania Tirana
100%
Enter Air/LOT Polish Airlines/Smartwings Poland Warsaw (Chopin)
100%
Edelweiss Air Zürich
100%
AJet/Royal Jordanian Amman (Queen Alia)
96%
AJet Antalya
96%
Jet2.com/TUI Airways Birmingham
96%
Smartwings Budapest
96%
Ryanair Dublin
96%
Turkish Airlines Istanbul
96%
AJet/Pegasus Airlines Istanbul (Sabiha Gokcen)
96%
Jet2.com Newcastle upon Tyne
96%
Enter Air/LOT Polish Airlines/Smartwings Poland Wrocław
96%
SunExpress İzmir
93%
Jet2.com Leeds/Bradford
93%
easyJet/Jet2.com Liverpool
93%
Smartwings Poland Lodz
93%
Belavia Minsk
93%
Transavia Paris (Orly)
93%
Enter Air/LOT Polish Airlines/Smartwings Poland Poznań
93%
flyadeal/flynas Riyadh
93%
Turkish Airlines Saint Petersburg
93%
BH Air/European Air Charter/GullivAir Sofia
93%
Air Astana/Turkish Airlines Almaty
89%
Gulf Air Bahrain
89%
Jet2.com Belfast (International)
89%
SunExpress/Turkish Airlines Berlin
89%
Discover Airlines/SunExpress Frankfurt
89%
flynas Jeddah
89%
Enter Air/LOT Polish Airlines/Smartwings Poland Katowice
89%
Norwegian Air Shuttle Oslo
89%
SunExpress Vienna
89%
easyJet/Jet2.com Bristol
86%
Corendon Airlines/Pegasus Airlines/SunExpress Cologne/Bonn
86%
Corendon Airlines/Pegasus Airlines/SunExpress Hannover
86%
FlyOne Chișinău
82%
Jet2.com East Midlands
82%
Rossiya Airlines Sochi
82%
Pegasus Airlines Adana/Mersin
79%
Red Wings Airlines/Turkish Airlines Kazan
79%
Freebird Airlines Copenhagen
71%
SunExpress Stuttgart
71%
Corendon Airlines/Pegasus Airlines Nuremberg
68%
TUI fly Belgium Ostend/Bruges
68%
Smartwings Poland Rzeszow
68%
AJet Sarajevo
68%
AJet Stockholm (Arlanda)
68%
Smartwings Ostrava
64%
Qeshm Air Tehran (Imam Khomeini)
64%
AJet Skopje
61%
GetJet Airlines/Turkish Airlines Vilnius
61%
European Air Charter Varna
57%
AJet/Pegasus Airlines Beirut
54%
Red Wings Airlines Mineralnye Vody
54%
Turkish Airlines Tallinn
54%
AJet Pristina
46%
Freebird Airlines Billund
43%
Freebird Airlines Weeze
43%
Fly Kıbrıs Airlines Ercan
32%
European Air Charter Plovdiv
29%
Pegasus Airlines Kharkiv
0%
Pegasus Airlines Zaporizhzhia
0%
No matching quizzes found
Score Distribution
Percent of People with Each Score
Percentile by Number Answered
Your Score History
You have not taken this quiz since the last reset